000
00275nam a22001217a 4500
999
_c
13984
_d
13984
082
_a
658
100
_a
Herman Aguinis
245
_a
Performance Management
250
_a
Fourth Edition
260
_a
Chicago
_b
Chicago Business Press
_c
2019
300
_a
381 Pages
942
_c
BK